000 nam a22 a 4500
999 _c2779
_d2779
003 AKMAL
005 20170518083909.0
008 170518s1996 my 00 eng d
020 _a9679784762 (pbk.):
_cRM 19.90
040 _aAKMAL
082 0 4 _a650.3145 FRE
090 _a650.3145
_bFRE
100 1 _aFrench, Astrid
_95866
245 1 0 _aInterpersonal skills :
_bdeveloping successful communication /
_cAstrid French
260 _aPetaling Jaya :
_bPelanduk Publications ,
_c1996
300 _a[71]p. :
_bill. ;
_c22cm
504 _aBibliography: p. [71]
650 _aInterpersonal communication
_91169
650 _aCommunication in organizations
_92707
942 _2ddc
_cBOOK